000 00590nam a2200241Ia 4500
003 OSt
005 20221005131735.0
006 a|||||r|||| 00| 0
007 ta
008 221004b |||||||| |||| 00| 0 eng d
024 _a48875
037 _cTextual
040 _aCRL
_cCRL
_beng
041 _2eng
_aeng
082 _aP15, D9
100 _aThatte P H
_9640001
245 0 _aSubanta rupa kaumudi
260 _c1909
650 _aLINGUISTICS
700 _a Raverkar G P
_9640002
942 _hP15, D9
_cTEXL
_2cc
999 _c1061239
_d1061239